| 000 | 00383 a2200157 4500 | ||
|---|---|---|---|
| 001 | 152748 | ||
| 040 | _cEscola São Tomás de Aquino | ||
| 100 | _aBELINKY, Tatiana | ||
| 240 | 1 | 0 |
_aCinco trovinhas para duas mãozinhas _lpor |
| 245 | 1 | 0 | _aCinco trovinhas para duas mãozinhas |
| 300 | _a20 | ||
| 362 | 0 | _a2010 | |
| 440 | 1 | _aEditora do Brasil | |
| 697 | _aPoesia | ||
| 942 | _cBK | ||
| 999 |
_c152748 _d152748 |
||